Detalles MARC
| 000 -LEADER |
| campo de control de longitud fija |
03108am aa2200505i 44500 |
| 003 - IDENTIFICADOR DE NÚMERO DE CONTROL |
| campo de control |
PE-LiUPU |
| 005 - FECHA Y HORA DE LA ÚLTIMA TRANSACCIÓN |
| campo de control |
20251023121439.0 |
| 008 - DATOS DE LONGITUD FIJA--INFORMACIÓN GENERAL |
| campo de control de longitud fija |
2406s2024 pe#a rb 001 0 spa d |
| 020 ## - NÚMERO INTERNACIONAL ESTÁNDAR DEL LIBRO |
| Número Internacional Estándar del Libro |
9786123185183 |
| 035 ## - NÚMERO DE CONTROL DEL SISTEMA |
| Número de control de sistema |
PE-LiUPU000048 |
| 040 ## - FUENTE DE CATALOGACIÓN |
| Centro catalogador/agencia de origen |
PE-LiUPU |
| Lengua de catalogación |
spa |
| Centro/agencia transcriptor |
PE-LiUPU |
| Normas de descripción |
rda |
| 082 04 - NÚMERO DE LA CLASIFICACIÓN DECIMAL DEWEY |
| Número de clasificación |
338.47687 |
| Número de edición |
23 |
| Cutter |
D542h |
| 100 ## - ENTRADA PRINCIPAL--NOMBRE DE PERSONA |
| Nombre de persona |
Díaz, Patricia, |
| Término indicativo de función/relación |
autora. |
| 9 (RLIN) |
7408 |
| 245 10 - MENCIÓN DEL TÍTULO |
| Título |
Habitar Gamarra : |
| Resto del título |
protocolos en el comercio in/formal de la capital textil peruana / |
| Mención de responsabilidad, etc. |
por Patricia Díaz. |
| 250 ## - MENCION DE EDICION |
| Mención de edición |
Primera edición. |
| 264 #1 - PRODUCCIÓN, PUBLICACIÓN, DISTRIBUCIÓN, FABRICACIÓN Y COPYRIGHT |
| Producción, publicación, distribución, fabricación y copyright |
Lima : |
| Nombre del de productor, editor, distribuidor, fabricante |
Universidad Peruana de Ciencias Aplicadas (UPC), |
| Fecha de producción, publicación, distribución, fabricación o copyright |
junio de 2024. |
| 300 ## - DESCRIPCIÓN FÍSICA |
| Extensión |
140 páginas : |
| Otras características físicas |
ilustraciones, gráficos, planos ; |
| Dimensiones |
23 cm. |
| 336 ## - TIPO DE CONTENIDO |
| Término de tipo de contenido |
texto |
| Código de tipo de contenido |
txt |
| Fuente |
rdacontent |
| 337 ## - TIPO DE MEDIO |
| Nombre/término del tipo de medio |
sin mediación |
| Código del tipo de medio |
n |
| Fuente |
rdamedia |
| 338 ## - TIPO DE SOPORTE |
| Nombre/término del tipo de soporte |
volumen |
| Código del tipo de soporte |
nc |
| Fuente |
rdacarrier |
| 500 ## - NOTA GENERAL |
| Nota general |
Publicado bajo el sello de Editorial UPC; impreso en Aleph Impresiones S.R.L., Lima, junio de 2024. |
| 500 ## - NOTA GENERAL |
| Nota general |
Obra sometida a revisión por pares antes de su publicación. |
| 500 ## - NOTA GENERAL |
| Nota general |
Diseño de cubierta y diagramación: Dickson Cruz Yactayo. |
| 500 ## - NOTA GENERAL |
| Nota general |
Corrección de estilo: Stephanie Alessandra Diez Lino. |
| 500 ## - NOTA GENERAL |
| Nota general |
Edición: Luisa Fernanda Arris. |
| 500 ## - NOTA GENERAL |
| Nota general |
Depósito legal en la Biblioteca Nacional del Perú N.º 2024-05725. |
| 504 ## - NOTA DE BIBLIOGRAFÍA, ETC. |
| Nota de bibliografía, etc. |
Incluye referencias bibliográficas (p. 137). |
| 505 0# - NOTA DE CONTENIDO CON FORMATO |
| Nota de contenido con formato |
Prólogo -- Agradecimientos -- Introducción -- Capítulo I. El comercio, Gamarra y otros casos en el mundo -- Capítulo II. La arquitectura de Gamarra -- Capítulo III. Habitar el comercio -- Capítulo IV. Actividades en Gamarra -- Capítulo V. Protocolos de habitar -- Capítulo VI. Aprendiendo de Gamarra -- Referencias. |
| 520 ## - RESUMEN, ETC. |
| Sumario, etc. |
Estudio sobre el emporio comercial de Gamarra en Lima, que analiza las relaciones entre arquitectura, comercio formal e informal, y modos de habitar. A partir de observaciones de campo y comparaciones internacionales, la autora plantea protocolos que revelan cómo las prácticas cotidianas transforman los espacios urbanos de producción y venta textil, proponiendo una lectura crítica y reflexiva sobre el habitar económico y social en contextos de informalidad. |
| 546 ## - NOTA DE IDIOMA |
| Nota de lengua/lenguaje |
Texto en español. |
| 650 14 - PUNTO DE ACCESO ADICIONAL DE MATERIA--TÉRMINO DE MATERIA |
| Término de materia o nombre geográfico como elemento de entrada |
Sector informal (Comercio) |
| Subdivisión geográfica |
Perú. |
| 9 (RLIN) |
301 |
| 650 24 - PUNTO DE ACCESO ADICIONAL DE MATERIA--TÉRMINO DE MATERIA |
| Término de materia o nombre geográfico como elemento de entrada |
Arquitectura y comercio |
| Subdivisión general |
Perú. |
| 9 (RLIN) |
7409 |
| 650 24 - PUNTO DE ACCESO ADICIONAL DE MATERIA--TÉRMINO DE MATERIA |
| Término de materia o nombre geográfico como elemento de entrada |
Urbanismo |
| Subdivisión general |
Aspectos sociales |
| Subdivisión geográfica |
Perú. |
| 9 (RLIN) |
559 |
| 650 24 - PUNTO DE ACCESO ADICIONAL DE MATERIA--TÉRMINO DE MATERIA |
| Término de materia o nombre geográfico como elemento de entrada |
Industria textil |
| 9 (RLIN) |
7410 |
| 700 ## - ENTRADA AGREGADA--NOMBRE PERSONAL |
| Nombre de persona |
Arris, Luisa Fernanda, |
| Término indicativo de función/relación |
edición. |
| 9 (RLIN) |
7411 |
| 700 ## - ENTRADA AGREGADA--NOMBRE PERSONAL |
| Nombre de persona |
Diez Lino, Stephanie Alessandra, |
| Término indicativo de función/relación |
correctora de estilo. |
| 9 (RLIN) |
7412 |
| 700 ## - ENTRADA AGREGADA--NOMBRE PERSONAL |
| Nombre de persona |
Cruz Yactayo, Dickson, |
| Término indicativo de función/relación |
diseñador de cubierta. |
| 9 (RLIN) |
7413 |
| 710 ## - ENTRADA AGREGADA--NOMBRE DE ENTIDAD CORPORATIVA |
| Nombre de entidad corporativa o nombre de jurisdicción como elemento de entrada |
Universidad Peruana de Ciencias Aplicadas, |
| Término indicativo de función/relación |
entidad editora. |
| 9 (RLIN) |
4596 |
| 710 ## - ENTRADA AGREGADA--NOMBRE DE ENTIDAD CORPORATIVA |
| Nombre de entidad corporativa o nombre de jurisdicción como elemento de entrada |
Editorial UPC, |
| Término indicativo de función/relación |
editor. |
| 9 (RLIN) |
7415 |
| 856 40 - LOCALIZACIÓN Y ACCESO ELECTRÓNICOS |
| Identificador Uniforme de Recursos |
<a href="https://editorial.upc.edu.pe">https://editorial.upc.edu.pe</a> |
| Nota pública |
Sitio web de Editorial UPC. |
| 856 41 - LOCALIZACIÓN Y ACCESO ELECTRÓNICOS |
| Identificador Uniforme de Recursos |
<a href="http://dx.doi.org/10.19083/978-612-318-519-0">http://dx.doi.org/10.19083/978-612-318-519-0</a> |
| Nota pública |
DOI del recurso digital. |
| 942 ## - ELEMENTOS DE ENTRADA SECUNDARIOS (KOHA) |
| Fuente del sistema de clasificación o colocación |
Clasificación Decimal Dewey |
| Tipo de ítem Koha |
Libros físicos |
| 980 ## - EQUIVALENCIA O REFERENCIA-CRUZADA-MENCIÓN DE SERIE--NOMBRE DE PERSONA/TÍTULO [LOCAL, CANADÁ] |
| ID del usuario creador del registro |
21515 |
| Nombre del creador del registro |
ROMINA COBOS Adquisiciones |
| ID del último usuario que modificó el registro |
18226 |
| Nombre del último usuario que modificó el registro |
Jaime Vilcazán Jefe de Análisis Documental |